| 000 | 03148ngm a2200445 a 4500 | ||
|---|---|---|---|
| 001 | vtls003217010 | ||
| 003 | MY-SjTCS | ||
| 005 | 20200226114706.0 | ||
| 007 | vd cvacrs | ||
| 008 | 110510q2003 cau411 |00 vaeng d | ||
| 039 | 9 |
_a201206141442 _bstazrina _c201106231415 _dwilmina _c201106231415 _dwilmina _c201106231350 _dwilmina _y201105101509 _zmalathy |
|
| 041 | 0 |
_aeng _afre _jeng _jfre _jspa |
|
| 082 | 0 | 4 |
_a791.4572 _bLOO 2003 |
| 245 | 0 | 0 |
_aLooney tunes golden collection. _n[Volume 1] / _h[videorecording] / _cCartoon Network Productions ; Warner Bros. Entertainment. |
| 246 | 3 | 0 | _aLooney tunes golden collection. Volume one |
| 260 |
_aBurbank, CA : _bWarner Home Video, _c[c2003?]. |
||
| 300 |
_a4 videodisc (411 min.) : _bsd., col. ; _c4 3/4 in. |
||
| 500 | _aFeatures: audio commentaries, documentaries, featurettes, introductions. | ||
| 505 | 0 | _a[pt. 1.] disc 1. Best of Bugs Bunny: Baseball Bugs ; Rabbit seasoning ; Long-haired hare ; High diving hare ; Bully for Bugs ; What's up doc? ; Rabbit's kin ; Water, water every hare ; Big house bunny ; Big top bunny ; My bunny lies over the sea ; Wabbit twouble ; Ballot box bunny ; Rabbit of Seville -- [pt. 2.] disc 2. Best of Daffy and Porky: Duck amuck ; Dough for the do-do ; Drip-along Daffy ; Scaredy cat ; Ducksters ; Scarlet Pumpernickel ; Yankee doodle Daffy ; Porky chops ; Wearing of the grin ; Deduce, you say ; Boobs in the woods ; Golden yeggs ; Rabbit fire ; Duck Dodgers in the 24 1/2th century -- [pt. 3.] disc 3. Looney Tunes all stars : Elmer's candid camera ; Bugs Bunny and the Three Bears ; Fast and furry-ous; Hair-raising hare ; Awful orphan ; Haredevil hare ; For scent-imental reasons ; Frigid hare; Hypo-chondri-cat ; Baton bunny ; Feed the kitty ; Don't give up the sheep ; Bugs bunny gets the boid ; Tortoise wins by a hare -- [pt. 4.] disc 4. Canary row ; Bunker hill bunny ; Kit for cat ; Putty tat trouble ; Bugs and thugs ; Canned feud ; Lumber jerks ; Speedy Gonzales; Tweety's S.O.S. ; Foghorn Leghorn ; Daffy Duck hunt; Early to bet ; Broken leghorn ; Devil may hare. | |
| 508 | _aAnimators, Phil Monroe ... [et al.] ; musical direction, Carl Stalling. | ||
| 511 | _aVoices: Mel Blanc and others. | ||
| 520 | _aA collection of well known Warner Bros. cartoons. | ||
| 538 | _aDVD format; Dolby digital mono; standard version. | ||
| 546 | _aIn English or French with optional English, French, or Spanish subtitles. | ||
| 546 | _aClosed-captioned. | ||
| 650 | 0 |
_aBugs Bunny (Fictitious character) _vJuvenile drama. |
|
| 650 | 0 |
_aPorky Pig (Fictitious character) _vJuvenile drama. |
|
| 650 | 0 |
_aDaffy Duck (Fictitious character) _vJuvenile drama. |
|
| 650 | 0 |
_aTweety Pie (Fictitious character) _vJuvenile drama. |
|
| 650 | 0 |
_aSylvester (Fictitious character) _vJuvenile drama. |
|
| 650 | 0 | _aAnimated films. | |
| 650 | 0 | _aShort films. | |
| 650 | 0 |
_aFilms for the hearing impaired. _925726 |
|
| 700 | 1 |
_aBlanc, Mel. _953178 |
|
| 700 | 1 |
_aStalling, Carl W. _953179 |
|
| 710 | 2 |
_aWarner Bros. Entertainment. _929942 |
|
| 710 | 2 |
_aWarner Home Video (Firm) _913225 |
|
| 710 | 2 | _aCartoon Network (Television network) | |
| 920 | _aADTP : 162902 | ||
| 999 | _c136553 | ||